00542nmm a2200169Ia 4500008004100000020001800041041000800059100003200067245007400099264005800173300001800231490002200249650002600271856005100297942000700348999001700355251105s9999||||xx |||||||||||||||||und|| a9788484897309 aspa aOrtiz Canseco, Marta (ed.) 0aPoesía peruana 1921-1931 :b Vanguardia + indigenismo + tradición a[Madrid, España] :bIberoamericana Vervuert, c2013 a272 páginas a--Sin Colección aLatin American poetry uhttps://public.digitaliapublishing.com/a/56932 cCF c86775d86775